| 000 | 00483cam a2200157Ia 4500 | ||
|---|---|---|---|
| 082 |
_a347.09 _bBHA _cL-31, P-53 |
||
| 100 | 1 |
_aBhatia, S.L _937831 |
|
| 245 | 1 | 4 |
_aThe Arbitration Act with commentaries act no.x of 1940 _ba commentary / _cS.L Bhatia |
| 250 | _a5th ed. | ||
| 260 |
_aLahore, Pakistan; _bA.M. John & Co., _c1959 |
||
| 300 | _a185 p. | ||
| 526 |
_a0 _b0 _c0 _d347_090000000000000_BHA |
||
| 526 |
_a0 _b0 _c0 _d347_090000000000000_BHA |
||
| 650 | 0 |
_aMCE _9379 |
|
| 942 |
_2ddc _cBK |
||
| 999 |
_c542597 _d542597 |
||